400-Ontario Highways Quiz Stats

 Plays Quiz not verified by Sporcle

Also try: Logo Kaleidoscope
Challenge
Share
Tweet
Embed
Score 0/15 Timer 03:00
0 Plays Today
Clue or Former Name Highway % Correct
Macdonald-Cartier Freeway; Highway of Heroes401
92.5%
Barrie-Toronto Highway400
88.8%
Extension of the DVP404
74.1%
Highway 7, near Brock Road in Pickering407
71.3%
Airport Expressway427
64.4%
Mayfield Road in Brampton410
60.6%
Blue Water Bridge Approach402
56%
Chedoke Expressway403
54.3%
Clue or Former Name Highway % Correct
Queen Elizabeth Way in St. Catharines406
52.6%
General Brock Parkway405
47.1%
Queensway417
46.3%
Ontario 420 commonly referred to as part of the Queen Elizabeth Way prior to 1972420
45.7%
Veterans Memorial Highway416
44%
Belfield Expressway409
41.1%
known as Highway 451 or Highway 1 InternallyQEW
25%

You're not logged in!

Compare scores with friends on all Sporcle quizzes.
OR
Log In

You Might Also Like...

Show Comments

Extras

Created Oct 1, 2009SourceReportNominate
Tags:former, highway

Top Quizzes Today


Score Distribution

Your Account Isn't Verified!

In order to create a playlist on Sporcle, you need to verify the email address you used during registration. Go to your Sporcle Settings to finish the process.

Report this User

Report this user for behavior that violates our Community Guidelines.

Details: